000 00534nam a2200193Ia 4500
005 20250923145608.0
008 008 250917s9999 xx 000 0 eng d
037 _aTextual
040 _aDSWL
_beng
_cDSWL
041 _aeng
_2eng
084 _aY5:g, N83
_qDSWL
245 0 _aEquality and inequality : theory and practice
_c Ed.by A.Beteille
260 _aDelhi
_bOxford
_c1983
300 _axii,302 p.
365 _aINR
_b76.50
925 _g76.50
942 _cTEXL
_hY5:g, N83
999 _c1453279
_d1453279